|
|
|
|
| LEADER |
00000nam a2200000Ii 4500 |
| 001 |
DIGEDIUOC967 |
| 003 |
NyNyDIG |
| 006 |
m o d |
| 007 |
cr ||||||||||| |
| 008 |
220317s2017 sp ob 000 0 spa d |
| 035 |
|
|
|a (OCoLC)1032720847
|
| 040 |
|
|
|a DGITA
|b eng
|e rda
|e pn
|c DGITA
|
| 020 |
|
|
|a 9788491800248
|q eBook
|q pdf
|
| 020 |
|
|
|a 9788491800255
|q eBook
|q ePub
|
| 020 |
|
|
|z 9788491800231
|
| 043 |
|
|
|a n-us---
|
| 050 |
1 |
4 |
|a P92.U5 ebook
|
| 082 |
0 |
4 |
|a 302.230973
|
| 100 |
1 |
|
|a Pellicer, Miquel,
|e author.
|
| 245 |
1 |
3 |
|a La comunicación en la era Trump /
|c Miquel Pellicer Alapont ; prólogo de Antoni Esteve.
|
| 250 |
|
|
|a Primera edición en formato digital.
|
| 264 |
|
1 |
|a Barcelona :
|b Editorial UOC,
|c [2017]
|
| 300 |
|
|
|a 1 online resource.
|
| 336 |
|
|
|a text
|b txt
|2 rdacontent
|
| 337 |
|
|
|a computer
|b c
|2 rdamedia
|
| 338 |
|
|
|a online resource
|b cr
|2 rdacarrier
|
| 347 |
|
|
|a text file
|2 rdaft
|
| 347 |
|
|
|b PDF
|
| 490 |
1 |
|
|a Comunicación
|
| 504 |
|
|
|a Includes bibliographical references.
|
| 588 |
0 |
|
|a Online resource; title from PDF title page (Digitalia, viewed March 17, 2022)
|
| 650 |
|
0 |
|a Mass media
|z United States.
|
| 655 |
|
0 |
|a Electronic books.
|
| 700 |
1 |
|
|a Esteve Avilés, Antoni,
|d 1955-
|e contributor agent of text.
|
| 791 |
2 |
|
|a Digitalia (Firm),
|e distributor.
|
| 793 |
0 |
|
|g Digitalia eBook Collection:
|a Universitat Oberta de Catalunya
|
| 776 |
0 |
8 |
|i Print version:
|a Pellicer, Miquel.
|t Comunicación en la era Trump.
|b Primera edición en lengua castellana.
|d Barcelona : Editorial UOC, [2017]
|z 9788491800231
|
| 830 |
|
0 |
|a Manuales (Editorial UOC).
|p Comunicación.
|
| 856 |
4 |
0 |
|3 Digitalia Hispánica
|u https://www.digitaliapublishing.com/a/54847/
|
| 910 |
|
|
|a Premium collection: 2022
|